Luật tục Thái ở Việt Nam
Trình bày nhiều vấn đề cơ bản liên quan đến xã hội Thái và luật tục Thái. Giới thiệu các văn bản luật tục Thái (gồm phần chữ Thái và chữ Việt) về tục lệ cưới xin, ma chay, đạo lý làm người... của tộc người Thái...
Gespeichert in:
| Format: | Buch |
|---|---|
| Sprache: | Undetermined |
| Veröffentlicht: |
Hà Nội
Văn hóa Dân tộc
2012
|
| Schlagworte: | |
| Tags: |
Tag hinzufügen
Keine Tags, Fügen Sie den ersten Tag hinzu!
|
| Thư viện lưu trữ: | Trung tâm Học liệu Trường Đại học Cần Thơ |
|---|
| LEADER | 00970nam a2200193Ia 4500 | ||
|---|---|---|---|
| 001 | CTU_189305 | ||
| 008 | 210402s9999 xx 000 0 und d | ||
| 082 | |a 390.09597 | ||
| 082 | |b L504 | ||
| 245 | 0 | |a Luật tục Thái ở Việt Nam | |
| 245 | 0 | |c Ngô Đức Thịnh, Cầm Trọng (Sưu tầm, dịch và giới thiệu) | |
| 260 | |a Hà Nội | ||
| 260 | |b Văn hóa Dân tộc | ||
| 260 | |c 2012 | ||
| 520 | |a Trình bày nhiều vấn đề cơ bản liên quan đến xã hội Thái và luật tục Thái. Giới thiệu các văn bản luật tục Thái (gồm phần chữ Thái và chữ Việt) về tục lệ cưới xin, ma chay, đạo lý làm người... của tộc người Thái | ||
| 650 | |a Manners and customs,Phong tục tập quán | ||
| 650 | |z Vietnam,Việt Nam | ||
| 904 | |i Trúc | ||
| 980 | |a Trung tâm Học liệu Trường Đại học Cần Thơ | ||